[Event "AUTO-ADV-702"]
[Site "http://www.queenalice.com/game.php?id=299224"]
[Date "2007.11.6"]
[Round "1"]
[White "themofro"]
[Black "mad_knight"]
[Result "1-0"]
[WhiteElo "2029"]
[BlackElo "1894"]

1. d4 d5 2. c4 e6 3. Nc3 c5 4. cxd5 exd5 5. Nf3 Nc6 6. dxc5 d4 7. Na4 Bxc5 8.
Nxc5 Qa5+ 9. Qd2 Qxc5 10. e3 dxe3 11. Qxe3+ Qxe3+ 12. Bxe3 Nge7 13. Bc4 O-O 14.
O-O Bf5 15. Rfe1 Na5 16. Bf1 Nac6 17. Rad1 Rad8 18. Rxd8 Rxd8 19. Bxa7 Ra8 20.
Bc5 Be6 21. Ng5 1-0

[Event "AUTO-ADV-702"]
[Site "http://www.queenalice.com/game.php?id=299229"]
[Date "2007.11.6"]
[Round "1"]
[White "Artking"]
[Black "themofro"]
[Result "0-1"]
[WhiteElo "1792"]
[BlackElo "1991"]

1. g4 e5 2. h3 Ne7 3. Bg2 Ng6 4. c4 h5 5. Nc3 hxg4 6. hxg4 Rxh1 7. Bxh1 Qh4 8.
Bf3 Qh2 9. Kf1 Nh4 10. e3 d6 11. Ne4 Bxg4 12. Qa4+ Nd7 13. Bxg4 Qg2+ 14. Ke2
Qxg4+ 0-1

[Event "AUTO-ADV-702"]
[Site "http://www.queenalice.com/game.php?id=299230"]
[Date "2007.11.6"]
[Round "1"]
[White "themofro"]
[Black "Artking"]
[Result "1-0"]
[WhiteElo "2003"]
[BlackElo "1761"]

1. d4 c5 2. d5 d6 3. e4 a6 4. c4 g6 5. f4 Bg7 6. Nf3 Bg4 7. Bd3 Nd7 8. O-O Bd4+
9. Kh1 Ndf6 10. Na3 h5 11. Nc2 e6 12. dxe6 fxe6 13. Ncxd4 cxd4 14. e5 Bxf3 15.
Bxg6+ Kd7 16. Qxf3 Rb8 17. exf6 Nxf6 18. Qd3 Qb6 19. b3 Rbg8 20. Bb2 e5 21. Qf5+
1-0

[Event "Challenge"]
[Site "http://www.queenalice.com/game.php?id=309666"]
[Date "2007.11.25"]
[Round "-"]
[White "themofro"]
[Black "KLEOJ"]
[Result "1-0"]
[WhiteElo "2065"]
[BlackElo "1966"]

1. d4 Nf6 2. c4 g6 3. Nc3 d5 4. cxd5 Nxd5 5. e4 Nxc3 6. bxc3 Bg7 7. Bc4 O-O 8.
Ne2 c5 9. O-O cxd4 10. cxd4 Nc6 11. Be3 Bg4 12. f3 Na5 13. Bd3 Be6 14. Rc1 Bxa2
15. Qa4 Be6 16. d5 Bd7 17. Qb4 b6 18. Ba6 Bc8 19. Bxc8 Rxc8 20. Rxc8 Qxc8 21.
Qxe7 Qa6 22. Re1 Qd3 23. Bf2 Nb3 24. Qxa7 b5 25. Qe3 Qc4 26. Rd1 Qc2 27. Qd3 Rc8
28. d6 Qxd3 29. Rxd3 Nc1 30. d7 Nxe2+ 31. Kf1 Rd8 32. Kxe2 Bf6 33. Bb6 Ra8 34.
d8=Q+ Bxd8 35. Rxd8+ Rxd8 36. Bxd8 Kf8 37. Kd3 Ke8 38. Bf6 Kd7 39. g4 Ke6 40. g5
Kd6 41. Kc3 Kc6 42. Kb4 Kb6 43. Bd4+ Kc6 44. f4 Kd6 45. Kxb5 Ke6 46. Kc6 Ke7 47.
Bc5+ Ke6 48. h4 f6 49. gxf6 Kxf6 50. Kd7 Kf7 51. e5 h6 52. e6+ 1-0

[Event "Challenge"]
[Site "http://www.queenalice.com/game.php?id=327520"]
[Date "2007.12.29"]
[Round "-"]
[White "trallala"]
[Black "themofro"]
[Result "0-1"]
[WhiteElo "1734"]
[BlackElo "2054"]

1. f4 d5 2. Nf3 g6 3. e3 Bg7 4. d4 Nf6 5. Bd3 O-O 6. O-O c5 7. c3 Qb6 8. Nbd2
Bg4 9. Qe1 e6 10. Kh1 Nbd7 11. h3 Bf5 0-1

[Event "Challenge"]
[Site "http://www.queenalice.com/game.php?id=327521"]
[Date "2007.12.29"]
[Round "-"]
[White "themofro"]
[Black "trallala"]
[Result "1-0"]
[WhiteElo "2057"]
[BlackElo "1595"]

1. d4 g6 2. c4 d6 3. Nc3 Bg7 4. e4 e5 5. Be3 f5 6. Nf3 f4 7. Bc1 Nc6 8. dxe5
dxe5 9. Qxd8+ Nxd8 10. Nb5 Ne6 11. Ng5 1-0

[Event "Challenge"]
[Site "http://www.queenalice.com/game.php?id=327686"]
[Date "2007.12.29"]
[Round "-"]
[White "brankat15"]
[Black "themofro"]
[Result "0-1"]
[WhiteElo "1981"]
[BlackElo "2112"]

1. e4 e6 2. d4 d5 3. Nc3 Bb4 4. e5 c5 5. a3 Bxc3+ 6. bxc3 Ne7 7. Qg4 Qc7 8. Bd3
cxd4 9. Ne2 dxc3 10. Qxg7 Rg8 11. Qxh7 Qxe5 12. Bf4 Qf6 13. Bg3 Rh8 14. Bb5+ Bd7
15. Qd3 a6 16. Bxd7+ Nxd7 17. Qxc3 Qxc3+ 18. Nxc3 Nf5 19. O-O-O Rc8 20. Ne2 Nxg3
21. hxg3 Rxh1 22. Rxh1 Ke7 23. Nf4 Ne5 24. Kb2 Nc4+ 25. Kb3 Nd2+ 26. Kb2 Rc5 27.
a4 Ra5 28. Ra1 e5 29. Nd3 Nc4+ 30. Kb3 b5 31. Kb4 bxa4 32. Rxa4 Rb5+ 33. Kc3 a5
34. Nc1 Nb2 35. Ra2 Nd1+ 36. Kd2 Nxf2 37. Nb3 Ne4+ 38. Kd3 Nxg3 39. Nxa5 f5 40.
Nc6+ Kf6 41. Ra6 Ne4 42. Nd4+ Kg5 43. Nxb5 Nc5+ 44. Ke2 Nxa6 45. c3 Kg4 46. Nd6
Nc5 47. Nc8 Na4 48. Kd3 e4+ 49. Kd4 f4 50. Ne7 e3 51. Kd3 Nxc3 52. Kxc3 Kg3 53.
Nf5+ Kxg2 54. Kd3 Kf2 55. Nd4 f3 56. Nc2 e2 57. Kd2 Kg1 0-1

[Event "AUTO-OPEN-851"]
[Site "http://www.queenalice.com/game.php?id=339698"]
[Date "2008.1.20"]
[Round "2"]
[White "themofro"]
[Black "Parma"]
[Result "1-0"]
[WhiteElo "2111"]
[BlackElo "1970"]

1. d4 d5 2. c4 e6 3. Nc3 Bb4 4. Nf3 Bxc3+ 5. bxc3 dxc4 6. e4 b5 7. a4 Bd7 8. Ne5
Nf6 9. Qf3 c6 10. axb5 cxb5 11. Be2 Nc6 12. O-O Nxe5 13. dxe5 Ng8 14. Qg3 g6 15.
Rd1 Qc7 16. Ba3 Bc6 17. Qf4 f5 18. Rd6 Bxe4 19. Rxe6+ Kf7 20. Rxg6 Kxg6 21. Qg3+
1-0

[Event "AUTO-OPEN-851"]
[Site "http://www.queenalice.com/game.php?id=339699"]
[Date "2008.1.20"]
[Round "2"]
[White "Parma"]
[Black "themofro"]
[Result "0-1"]
[WhiteElo "1971"]
[BlackElo "2099"]

1. d4 Nf6 2. c4 e6 3. Bg5 Bb4+ 4. Nc3 h6 5. Bh4 c5 6. Nf3 Qa5 7. Qd3 Ne4 8. Rc1
f5 9. Bg3 Qxa2 10. Qc2 d6 11. e3 Bd7 12. dxc5 Ba4 13. Qe2 Bxc3+ 14. bxc3 Qa3 0-1

[Event "AUTO-OPEN-851"]
[Site "http://www.queenalice.com/game.php?id=339700"]
[Date "2008.1.20"]
[Round "2"]
[White "themofro"]
[Black "Tonto"]
[Result "1-0"]
[WhiteElo "2061"]
[BlackElo "1761"]

1. d4 d5 2. c4 Nc6 3. Nc3 dxc4 4. Nf3 Nf6 5. e4 e6 6. Bxc4 Bb4 7. Qd3 O-O 8. O-O
a6 9. e5 Ng4 10. h3 b5 11. Ng5 bxc4 12. Qxh7# 1-0

[Event "AUTO-OPEN-851"]
[Site "http://www.queenalice.com/game.php?id=339701"]
[Date "2008.1.20"]
[Round "2"]
[White "Tonto"]
[Black "themofro"]
[Result "0-1"]
[WhiteElo "1886"]
[BlackElo "2120"]

1. e4 e6 2. e5 d6 3. Nf3 Nc6 4. Bb5 Bd7 5. Nc3 Nxe5 6. Bxd7+ Qxd7 7. d3 Nxf3+ 8.
Qxf3 Qc6 9. Qxc6+ bxc6 10. Be3 Nf6 11. O-O-O Ng4 12. Ne4 f5 13. Ng5 Kd7 14. h3
Nxe3 15. fxe3 Be7 16. Nf3 g5 17. g4 Raf8 18. Rdf1 h5 19. c4 hxg4 20. hxg4 fxg4
21. Rxh8 Rxh8 22. Nd4 Rh3 23. Kd2 g3 24. Rg1 d5 25. Ne2 Bb4+ 26. Kd1 Bd6 27. d4
dxc4 28. Nc3 c5 29. d5 exd5 30. Nxd5 Rh2 31. Kc1 Rf2 32. e4 g2 33. Ne3 Bf4 34.
Kd1 Bxe3 35. Ke1 Rxb2 36. Rxg2 Rxg2 37. a4 c3 38. Kf1 Rf2+ 39. Ke1 c2 40. e5
c1=Q# 0-1

[Event "Challenge"]
[Site "http://www.queenalice.com/game.php?id=360636"]
[Date "2008.2.25"]
[Round "-"]
[White "Erinaldo"]
[Black "themofro"]
[Result "0-1"]
[WhiteElo "1920"]
[BlackElo "2136"]

1. e4 e6 2. Nf3 d5 3. exd5 exd5 4. d4 Nf6 5. Bb5+ c6 6. Be2 Bd6 7. O-O O-O 8. c4
dxc4 9. Bxc4 Nbd7 10. Nc3 Nb6 11. Bb3 Bg4 12. Qd3 Re8 13. Bg5 Nbd7 14. h3 Bh5
15. Rfe1 Qa5 16. Bd2 Bg6 17. Qc4 Nb6 18. Qf1 Qf5 19. Be3 a5 20. Nh4 Qh5 21. Nxg6
Qxg6 22. Re2 a4 23. Bc2 Qh5 24. d5 Nbxd5 25. Rae1 Nxc3 26. bxc3 Qe5 27. f4 Qxc3
28. Rc1 Rxe3 29. Bxh7+ Kxh7 30. Rxc3 Rxc3 31. Qb1+ Kg8 32. Qb2 Nd5 33. f5 Bg3
34. f6 Rd3 35. Qc2 Nf4 36. Re4 Rad8 37. Rxf4 Bxf4 38. Qxa4 Bg3 0-1

[Event "AUTO-ADV-679"]
[Site "http://www.queenalice.com/game.php?id=367250"]
[Date "2008.3.7"]
[Round "2"]
[White "kromata"]
[Black "themofro"]
[Result "0-1"]
[WhiteElo "1956"]
[BlackElo "2142"]

1. c4 Nf6 2. Nc3 e6 3. g3 d5 4. cxd5 exd5 5. d4 Bb4 6. a3 Bxc3+ 7. bxc3 O-O 8.
Qc2 Ne4 9. f3 Nd6 10. e4 dxe4 11. fxe4 Nxe4 12. Bd3 Qd5 13. c4 Qxd4 14. Nf3 Qxa1
15. Bxe4 Nc6 16. Bxc6 Bf5 17. Qd2 bxc6 18. O-O Rad8 19. Qf4 Bh3 20. Re1 Qa2 21.
Nd2 Rfe8 22. Qf2 Qc2 23. Nf3 Rxe1+ 24. Nxe1 Qxc1 25. Qe2 Kf8 0-1

[Event "AUTO-ADV-679"]
[Site "http://www.queenalice.com/game.php?id=367254"]
[Date "2008.3.7"]
[Round "2"]
[White "themofro"]
[Black "Artking"]
[Result "1-0"]
[WhiteElo "2125"]
[BlackElo "1871"]

1. d4 Nf6 2. c4 g6 3. Nc3 Bg7 4. e4 d6 5. f3 O-O 6. Be3 e5 7. Nge2 Nc6 8. d5 Ne7
9. Qd2 a6 10. h4 h5 11. O-O-O Bd7 12. Kb1 b5 13. Nc1 b4 14. N3e2 a5 15. c5 dxc5
16. Bxc5 Ne8 17. g4 Nf6 18. gxh5 Nxh5 19. d6 cxd6 20. Qxd6 Bb5 21. Qxd8 Rfxd8
22. Rxd8+ Rxd8 23. Bxe7 Rd1 24. Kc2 Rd7 25. Bg5 Bf8 26. Bh3 Rc7+ 27. Kb1 a4 28.
Bg4 Ng7 29. Bf6 Bd6 30. Rd1 Rc6 31. Bd7 Bxe2 32. Nxe2 Ra6 33. Bb5 Rb6 34. Bxa4
Ne6 35. Nc1 Nd4 36. f4 Nf3 37. Bd8 Ra6 38. Bb5 Ra8 39. Rxd6 1-0

[Event "AUTO-ADV-679"]
[Site "http://www.queenalice.com/game.php?id=367255"]
[Date "2008.3.7"]
[Round "2"]
[White "Artking"]
[Black "themofro"]
[Result "0-1"]
[WhiteElo "1801"]
[BlackElo "2108"]

1. e4 e6 2. d4 d5 3. Nc3 Bb4 4. e5 c5 5. a3 Bxc3+ 6. bxc3 Ne7 7. f4 O-O 8. Nf3
Nbc6 9. Bd3 Nf5 10. O-O c4 11. Bxf5 exf5 12. Qe1 Re8 13. Qg3 Re6 14. h4 Qa5 15.
Ng5 Rh6 16. Bd2 Nxd4 17. Nf3 Ne2+ 0-1

[Event "AUTO-ADV-702"]
[Site "http://www.queenalice.com/game.php?id=371038"]
[Date "2008.3.14"]
[Round "2"]
[White "fabianno"]
[Black "themofro"]
[Result "1-0"]
[WhiteElo "2005"]
[BlackElo "2128"]

1. c4 Nf6 2. Nc3 e6 3. Nf3 Bb4 4. d4 c5 5. Qc2 cxd4 6. Nxd4 O-O 7. a3 Bxc3+ 8.
Qxc3 d5 9. Bg5 e5 10. Nf3 d4 11. Qc2 h6 12. Bh4 Nbd7 13. b4 a5 14. b5 Qe7 15. h3
b6 16. g4 Bb7 17. Bg2 1-0

[Event "AUTO-ADV-702"]
[Site "http://www.queenalice.com/game.php?id=371039"]
[Date "2008.3.14"]
[Round "2"]
[White "themofro"]
[Black "fabianno"]
[Result "1-0"]
[WhiteElo "2119"]
[BlackElo "2015"]

1. d4 Nf6 2. c4 e6 3. Nf3 d5 4. Nc3 Bb4 5. e3 O-O 6. Bd3 c5 7. O-O Nc6 8. cxd5
exd5 9. dxc5 Bxc5 10. b3 Bg4 11. Bb2 d4 12. Na4 Bb6 13. Nxb6 Qxb6 14. exd4 Rad8
15. Re1 Nxd4 16. Bxd4 Rxd4 17. Bxh7+ Kxh7 18. Qxd4 Bxf3 19. Qxb6 axb6 20. gxf3
1-0

[Event "AUTO-ADV-702"]
[Site "http://www.queenalice.com/game.php?id=371040"]
[Date "2008.3.14"]
[Round "2"]
[White "mennecy91"]
[Black "themofro"]
[Result "0-1"]
[WhiteElo "1896"]
[BlackElo "2148"]

1. d4 Nf6 2. Nf3 e6 3. Bg5 h6 4. Bf4 c5 5. c3 Nc6 6. Nbd2 cxd4 7. cxd4 Nh5 8.
Bg3 Nxg3 9. fxg3 Qb6 10. Qb3 Nxd4 11. Qxb6 Nxf3+ 12. gxf3 axb6 13. a3 d5 14. e4
Bc5 15. Bb5+ Ke7 16. Rd1 Rd8 17. Nb3 Bd6 18. O-O dxe4 19. fxe4 f6 20. Nd2 Be5
21. Nc4 Bd4+ 22. Kh1 e5 23. Kg2 Be6 24. b3 Bxc4 25. Bxc4 Rxa3 26. Rf3 Ra2+ 27.
Kh3 Rc8 28. Rfd3 b5 29. Bd5 Rcc2 30. Rh1 Rg2 31. Bxb7 h5 32. Bd5 g5 33. b4 g4+
34. Kh4 Rxh2+ 35. Rxh2 Rxh2# 0-1

[Event "AUTO-ADV-702"]
[Site "http://www.queenalice.com/game.php?id=371041"]
[Date "2008.3.14"]
[Round "2"]
[White "themofro"]
[Black "mennecy91"]
[Result "1-0"]
[WhiteElo "2131"]
[BlackElo "1889"]

1. d4 Nf6 2. c4 e6 3. Nf3 b6 4. g3 Bb7 5. Bg2 Bb4+ 6. Bd2 Bxd2+ 7. Qxd2 O-O 8.
Nc3 d5 9. cxd5 Nxd5 10. O-O Nd7 11. Rfd1 N7f6 12. Rac1 a6 13. Ne5 Rc8 14. Nxd5
Bxd5 15. Nc6 Bxc6 16. Bxc6 a5 17. e4 Qe7 18. a3 Rfd8 19. Qg5 h6 20. Qb5 Ne8 21.
e5 f6 22. Qe2 fxe5 23. dxe5 Rxd1+ 24. Rxd1 Rd8 25. Rxd8 Qxd8 26. Qg4 Qe7 27. h4
Kh8 28. Qg6 Nd6 29. exd6 cxd6 30. Bb5 Qf6 31. Qe8+ Kh7 32. Bd3+ g6 33. h5 Kg7
34. Bxg6 Qxb2 35. Qf7+ Kh8 36. Qh7# 1-0

[Event "Challenge"]
[Site "http://www.queenalice.com/game.php?id=430068"]
[Date "2008.7.9"]
[Round "-"]
[White "Lukas_bala_Pirai"]
[Black "themofro"]
[Result "0-1"]
[WhiteElo "1708"]
[BlackElo "2158"]

1. d4 Nf6 2. c4 e6 3. Nc3 Bb4 4. Bg5 h6 5. Bd2 O-O 6. a3 Bxc3 7. Bxc3 Ne4 8. Qd3
d5 9. cxd5 exd5 10. g3 Re8 11. Bg2 Bf5 12. Qb5 b6 13. Nf3 Qd7 14. Qxd7 Nxd7 15.
e3 Ndf6 16. Ne5 c5 17. dxc5 Nxc3 18. Nxf7 Kxf7 19. bxc3 bxc5 20. c4 Be4 21. Bxe4
dxe4 22. O-O Red8 23. Rab1 Rab8 24. h3 Ke7 25. Rb5 Rxb5 0-1

[Event "Challenge"]
[Site "http://www.queenalice.com/game.php?id=481530"]
[Date "2008.10.23"]
[Round "-"]
[White "themofro"]
[Black "Saru"]
[Result "1-0"]
[WhiteElo "2159"]
[BlackElo "986"]

1. d4 c6 2. c4 b5 3. cxb5 e6 4. bxc6 Nxc6 5. e4 d5 6. exd5 exd5 7. Nf3 Bb4+ 8.
Bd2 Nf6 9. Bxb4 Nxb4 10. Qa4+ Nd7 11. Qxb4 Nb6 12. Bb5+ Bd7 13. O-O a6 14. Re1+
Qe7 15. Qxe7# 1-0